| 000 | 011830000a22002050004500 | ||
|---|---|---|---|
| 020 |
_a84-7057-279-2 : _64.900 |
||
| 082 | 0 | 4 | _aG 261.5 B3471r |
| 100 | 1 | _aBaum, Gregory | |
| 245 | 1 | 0 | _aReligión y alienación : lectura teológica de la sociología / Gregory Baum ; traducido por J. Valiente Malla |
| 260 | _aMadrid : Cristiandad | ||
| 300 | _a318 p. | ||
| 500 | _aTítulo original: Religion and alienation a theological reading of sociology | ||
| 505 | 0 | 0 | _aLa religión como fuente de alienación / Hegel -- La religión como producto de alienación / Marx -- Alienación en la sociedad industrial / Ferdinand Toennies -- Ambigüedad de la religión: explicación sociológica -- El descubrimiento del símbolo / Freud y Durkheim -- El debate de la secularización -- La religión creadora: perspectiva de Max Weber -- Teoría crítica -- Desprivatización del psicoanálisis: una digresión -- símbolo y teología -- el cielo como utopía. |
| 650 | 1 | 4 | _aSOCIOLOGIA CRISTIANA \ ALIENACION (TEOLOGIA) \ RELIGION Y SOCIOLOGIA |
| 001 | 13724 | ||
| 942 | _cBK | ||
| 999 |
_c42669 _d42669 |
||
| 336 |
_atexto _btxt _2rdacontent |
||
| 337 |
_2rdamedia _asin mediación _bn |
||
| 338 |
_2rdacarrier _avolumen _bnc |
||